=LDR 00000nam 2200000 4500 =001 INLIS000000000030644 =005 20200722122035 =035 ##$$a 0010-061300000030644 =008 200722################g##########0#ind## =041 ##$$a ind =082 ##$$a 2x5.4 =090 ##$$a 2x5.4, Kha t =100 1#$$a Khaled, Amru =245 1#$$a The power of dzikir, : $b Rahasia kekuatan dzikir /$c Amru Khaled ; penerjemah Subhan Nur =260 ##$$a Jakarta :$b Amzah,$c 2008 =300 ##$$a ix,155 hlm. ; $c 13x19 cm. =650 #4$$a Do'a dan Wirid =850 ##$$a NBPNMAT =020 ##$$a 978-979-9392-76-3 =084 ##$$a 2x5.4 KHA t =700 #$$a Nur, Subhan =990 ##$$a 20901175